<?xml version="1.0" encoding="UTF-8"?>
<record
    xmlns:xsi="http://www.w3.org/2001/XMLSchema-instance"
    xsi:schemaLocation="http://www.loc.gov/MARC21/slim http://www.loc.gov/standards/marcxml/schema/MARC21slim.xsd"
    xmlns="http://www.loc.gov/MARC21/slim">

  <leader>04900nam a2200481 a 4500</leader>
  <controlfield tag="001">dia_849</controlfield>
  <controlfield tag="003">CHAP</controlfield>
  <controlfield tag="005">20250905131517.0</controlfield>
  <controlfield tag="007">ta</controlfield>
  <controlfield tag="008">220117s1997    mx bde  rm    001 0 spa d</controlfield>
  <datafield tag="010" ind1=" " ind2=" ">
    <subfield code="a">171398</subfield>
  </datafield>
  <datafield tag="040" ind1=" " ind2=" ">
    <subfield code="c">CHAP</subfield>
    <subfield code="a">mxchpua</subfield>
    <subfield code="e">rda</subfield>
  </datafield>
  <datafield tag="041" ind1="0" ind2=" ">
    <subfield code="a">spa</subfield>
    <subfield code="b">eng</subfield>
  </datafield>
  <datafield tag="090" ind1=" " ind2=" ">
    <subfield code="a">Tesis</subfield>
    <subfield code="b">T53</subfield>
    <subfield code="c">1997</subfield>
  </datafield>
  <datafield tag="100" ind1="1" ind2=" ">
    <subfield code="a">Tlahuiz Chavacano, Juan Carlos</subfield>
  </datafield>
  <datafield tag="240" ind1="1" ind2="0">
    <subfield code="a">Research of technical economical feasibility of a canned bean factory (Phaseolus vulgaris) in Puebla city.</subfield>
    <subfield code="l">Espa&#xF1;ol</subfield>
  </datafield>
  <datafield tag="245" ind1="1" ind2="0">
    <subfield code="a">Estudio de factibilidad t&#xE9;cnico econ&#xF3;mico de una planta enlatadora de frijol (Phaseolus vulgaris) en la cd. de Puebla, Puebla /</subfield>
    <subfield code="c">Juan Carlos Tlahuiz Chavacano</subfield>
  </datafield>
  <datafield tag="264" ind1=" " ind2=" ">
    <subfield code="a">Chapingo, M&#xE9;xico :</subfield>
    <subfield code="b">El autor,</subfield>
    <subfield code="c">1997</subfield>
  </datafield>
  <datafield tag="300" ind1=" " ind2=" ">
    <subfield code="a">vii, 90 hojas :</subfield>
    <subfield code="b">mapas, gr&#xE1;ficas, diagramas, tablas, planos</subfield>
  </datafield>
  <datafield tag="336" ind1=" " ind2=" ">
    <subfield code="2">rdacontent</subfield>
    <subfield code="a">texto</subfield>
    <subfield code="b">txt</subfield>
  </datafield>
  <datafield tag="337" ind1=" " ind2=" ">
    <subfield code="2">rdamedia</subfield>
    <subfield code="a">no mediado</subfield>
    <subfield code="b">n</subfield>
  </datafield>
  <datafield tag="338" ind1=" " ind2=" ">
    <subfield code="2">rdacarrier</subfield>
    <subfield code="a">volumen</subfield>
    <subfield code="b">nc</subfield>
  </datafield>
  <datafield tag="500" ind1=" " ind2=" ">
    <subfield code="a">Los planos est&#xE1;n incluidos en el reporte.</subfield>
  </datafield>
  <datafield tag="502" ind1=" " ind2=" ">
    <subfield code="a">Tesis </subfield>
    <subfield code="b">(Ingeniero Agroindustrial) -- </subfield>
    <subfield code="c">UACh. Departamento de Ingenier&#xED;a Agroindustrial,</subfield>
    <subfield code="d">1997</subfield>
  </datafield>
  <datafield tag="504" ind1=" " ind2=" ">
    <subfield code="a">Bibliograf&#xED;a: hojas 88-89</subfield>
  </datafield>
  <datafield tag="505" ind1="0" ind2=" ">
    <subfield code="a">6 planos --
1. Diagrama de flujo del proceso de frijol enlatado --
2. Diagrama de flujo del proceso de frijol enlatado 2 --
3. Diagrama de flujo del proceso de frijol enlatado 3 --
4. Plano de distribuci&#xF3;n de &#xE1;reas --
5. Plano de distribuci&#xF3;n de equipo --
6. Diagrama general de distribuci&#xF3;n de equipos de proceso por &#xE1;reas</subfield>
  </datafield>
  <datafield tag="520" ind1="3" ind2=" ">
    <subfield code="a">En este estudio se proponen estrategias para la puesta en marcha de una planta enlatadora de frijol en la Cd. de Puebla, Pue El mercado del frijol enlatado est&#xE1; creciendo en forma acelerada debido a cambios sociales cormo el aumento del empleo de las mujeres, as&#xED; como por la disminuci&#xF3;n del tiempo de preparaci&#xF3;n de los alimentos Esta simulaci&#xF3;n, fue detectada por la empresa Empacadora del Valle de Puebla, la cual aprovech&#xF3; tambi&#xE9;n la posibilidad de adquirir un equipo para procesar frijol a bajo costo. Se realz&#xF3; un estudio de mercado, de abastecimiento de materia prima, organizaci&#xF3;n social, aspectos t&#xE9;cnicos, an&#xE1;lisis financiero y evaluaci&#xF3;n, del cual se desprenden los siguientes resultados. La inversi&#xF3;n total del proyecto es de $12,330,041.00, el financiamiento ser&#xE1; de NAFIN a trav&#xE9;s de BANRURAL, Con un 74% de la inversi&#xF3;n total y el resto se financiar&#xE1; con recursos propios, el plazo de pago ser&#xE1; de 5 a&#xF1;os, adem&#xE1;s se requiere un capital de trabajo de $2,700,000.00 a una capacidad del 50%. pretendi&#xE9;ndose cubrir un 80% con cr&#xE9;dito de av&#xED;o. La Tasa de Rentabilidad (TIR) para la empresa es de 80.78% y de 36.92% para el proyecto, present&#xE1;ndose, as&#xED;, una viabilidad aceptable. E proyecto es muy sensible ante una disminuci&#xF3;n del precio del producto, por tal motivo se recomienda seguir las estrategias comerciales propuestas, para evitar esta disminuci&#xF3;n. --</subfield>
  </datafield>
  <datafield tag="520" ind1="3" ind2=" ">
    <subfield code="a">This study proposes strategies to start a bean canning factory in the city of Puebla, Pue. The market of canned bean is growing up very quickly, due social changes. These changes cause that women use canned products since they work and need short time to prepare food. This situation was detected by Empacadora del Valle de Puebla company. So this company took the possibility of buying capital equipment for processing bean at a kow cost. Research was done on market, raw materials, social organization, and on technical and financial aspects, the basic resut follow. The total investment for this project is $12,330,041.00, the financial assitence wll be trom NAFIN through BANRURAL, With 74% of total investment and the rest will be financed with the company own resources, the installment will be within 5 years, moreover, and $2,700,000.00 of capital work at a 50% capacity, trying to get a credit of 80% trom a bank. The Internal Rate of Return for the company is of 80.78% and 36.92% for the project, showing there is an acceptable rentability. The project is very sensible to reducing of a price, for this reason it is suggested to following the commercial strategies before mentioned, to avoid this diminution.&#xA0;</subfield>
  </datafield>
  <datafield tag="650" ind1="1" ind2="3">
    <subfield code="a">Frijoles   </subfield>
    <subfield code="2">atg</subfield>
    <subfield code="x">Enlatado</subfield>
  </datafield>
  <datafield tag="650" ind1="1" ind2="3">
    <subfield code="a">F&#xE1;bricas de conservas</subfield>
    <subfield code="2">atg</subfield>
    <subfield code="x">Iniciativa empresarial</subfield>
    <subfield code="z">M&#xE9;xico</subfield>
    <subfield code="z">Puebla</subfield>
  </datafield>
  <datafield tag="650" ind1="1" ind2="3">
    <subfield code="a">Industria conservera  </subfield>
    <subfield code="2">atg</subfield>
    <subfield code="x">Iniciativa empresarial</subfield>
    <subfield code="z">M&#xE9;xico</subfield>
    <subfield code="z">Puebla</subfield>
  </datafield>
  <datafield tag="650" ind1="1" ind2="3">
    <subfield code="a">Beans  </subfield>
    <subfield code="2">atg</subfield>
    <subfield code="x">Canning</subfield>
  </datafield>
  <datafield tag="650" ind1="1" ind2="3">
    <subfield code="a">Canneries</subfield>
    <subfield code="2">atg</subfield>
    <subfield code="x">Entrepreneurship</subfield>
    <subfield code="z">Mexico</subfield>
    <subfield code="z">Puebla</subfield>
  </datafield>
  <datafield tag="650" ind1="1" ind2="3">
    <subfield code="a">Canning industry  </subfield>
    <subfield code="2">atg</subfield>
    <subfield code="x">Entrepreneurship</subfield>
    <subfield code="z">Mexico</subfield>
    <subfield code="z">Puebla</subfield>
  </datafield>
  <datafield tag="700" ind1="1" ind2=" ">
    <subfield code="a">Santoyo Cort&#xE9;s, Vinicio Horacio</subfield>
    <subfield code="e">director</subfield>
  </datafield>
  <datafield tag="700" ind1="1" ind2=" ">
    <subfield code="a">Garc&#xED;a Ch&#xE1;vez, Luis Ramiro</subfield>
    <subfield code="e">asesor</subfield>
  </datafield>
  <datafield tag="700" ind1="1" ind2=" ">
    <subfield code="a">Altamirano C&#xE1;rdenas, J. Reyes</subfield>
    <subfield code="e">asesor</subfield>
  </datafield>
  <datafield tag="901" ind1=" " ind2=" ">
    <subfield code="a">TESIS T53 1997</subfield>
  </datafield>
  <datafield tag="902" ind1=" " ind2=" ">
    <subfield code="a">M</subfield>
  </datafield>
  <datafield tag="905" ind1=" " ind2=" ">
    <subfield code="a">0000001997                          mx A   0000000000spa00</subfield>
  </datafield>
  <datafield tag="942" ind1=" " ind2=" ">
    <subfield code="c">TESIS</subfield>
    <subfield code="2">Clasificaci&#xF3;n Universidad Aut&#xF3;noma Chapingo</subfield>
  </datafield>
  <datafield tag="999" ind1=" " ind2=" ">
    <subfield code="c">171398</subfield>
    <subfield code="d">171398</subfield>
  </datafield>
  <datafield tag="952" ind1=" " ind2=" ">
    <subfield code="0">0</subfield>
    <subfield code="1">0</subfield>
    <subfield code="2">local</subfield>
    <subfield code="4">0</subfield>
    <subfield code="5">1</subfield>
    <subfield code="7">0</subfield>
    <subfield code="8">TESIS</subfield>
    <subfield code="a">IA_</subfield>
    <subfield code="b">IA_</subfield>
    <subfield code="e">El autor</subfield>
    <subfield code="l">0</subfield>
    <subfield code="o">Tesis T53 1997</subfield>
    <subfield code="p">1101015939</subfield>
    <subfield code="r">2026-02-02 00:00:00</subfield>
    <subfield code="t">Ej. 1</subfield>
    <subfield code="y">TESIS</subfield>
  </datafield>
  <datafield tag="952" ind1=" " ind2=" ">
    <subfield code="0">0</subfield>
    <subfield code="1">0</subfield>
    <subfield code="2">local</subfield>
    <subfield code="4">0</subfield>
    <subfield code="5">5</subfield>
    <subfield code="7">0</subfield>
    <subfield code="8">TESIS</subfield>
    <subfield code="a">IA_</subfield>
    <subfield code="b">IA_</subfield>
    <subfield code="d">2025-09-05</subfield>
    <subfield code="e">El autor</subfield>
    <subfield code="l">0</subfield>
    <subfield code="o">Tesis T53 1997</subfield>
    <subfield code="p">1101015940</subfield>
    <subfield code="r">2026-02-02 00:00:00</subfield>
    <subfield code="t">Ej. 2</subfield>
    <subfield code="w">2025-09-05</subfield>
    <subfield code="y">TESIS</subfield>
  </datafield>
</record>
